00725nam a22001937a 450000500170000000800410001702000180005804100080007608200180008410000290010224500240013126000130015526000190016826000090018730000180019650502750021465000220048965000200051120240208144546.0240206b2019 |||||||| |||| 00| 0 spa d a9788417430740 aESP a808.831 A544c aAndersen, Hans Christian aCuentos de Andersen aEspaña bEditorial Alma c2019 a110 páginas aContenido: Los zapatos rojos. La sirenita. El patito feo. Historia de una madre. El traje nuevo del emperador. La princesa del guisante. El soldadito de plomo. La vendedora de fósforos. El último día. El cerro de los elfos. El compañero de viaje. El ruiseñor.  aLITERATURA DANESA aCUENTOS DANESES